Tout les ballons d'Or Africains depuis 1992 - Statistiques

Statistiques générales
  • Ce quiz a été pris 411 fois
    106 depuis la dernière actualisation
  • Le résultat moyen est 16 sur 31
Statistiques - réponses
Hint Réponse % Correct
2017 Mohamed Salah
93%
2018 Mohamed Salah
93%
2006 Didier Drogba
87%
2009 Didier Drogba
87%
2019 Sadio Mané
87%
2022 Sadio Mané
87%
2003 Samuel Eto'o
87%
2004 Samuel Eto'o
87%
2005 Samuel Eto'o
87%
2010 Samuel Eto'o
87%
1995 George Weah
84%
2011 Yaya Touré
71%
2012 Yaya Touré
71%
2013 Yaya Touré
71%
2014 Yaya Touré
71%
2016 Riyad Mahrez
67%
2024 Ademola Lookman
51%
2023 Victor Osimhen
47%
2015 Pierre-Emerick Aubameyang
42%
1992 Abedi Pelé
26%
1996 Nwankwo Kanu
22%
1999 Nwankwo Kanu
22%
2008 Emmanuel Adebayor
20%
2001 El-Hadji Diouf
18%
2002 El-Hadji Diouf
18%
2007 Frederic Kanouté
11%
1998 Mustapha Hadji
8%
1997 Victor Ikpeba
7%
2000 Patrick Mboma
5%
1993 Rashidi Yekini
2%
1994 Emmanuel Amunike
0%
Aucun quiz correspondant
Distribution des résultats
% des personnes avec chaque résultat
Percentile par nombre de réponses
Votre historique - résultats
Vous n’avez pas pris ce quiz depuis la dernière actualisation